00422nam a22001457a 4500008004100000082001200041100002000053245006200073260002100135502005000156650001500206650001300221650002000234650002200254210920b |||||||| |||| 00| 0 eng d aCD18469 aAdhikari, Laxmi aStrategies applied by IELTS candidates in listening skill aKathmandu:c2020 aDissertation (Degree in English education),TU aListening  aStrategy aAbility testing aEnglish education